LEADER 01049cam0-2200349---450- 001 990004079680403321 005 20160211103056.0 010 $a84-86021-35-9 035 $a000407968 035 $aFED01000407968 035 $a(Aleph)000407968FED01 035 $a000407968 100 $a19990604d1986----km-y0itay50------ba 101 0 $apor 102 $aES 105 $ay-------00-z- 200 1 $aLiteratura galega medieval$fXosé Ramón Pena 210 $aBarcelona$cSotela Blanco$d1986 215 $a2 v.$d21 cm 225 1 $aColección estudos e investigacións$v2 327 1 $a1.: A historia$a2.: Antoloxia de textos comentados (Lirica e prosa) 610 0 $aLetteratura portoghese$aMedioevo 676 $a869.09$v22$zita 700 1$aPena,$bXosé Ramón 801 0$aIT$bUNINA$gRICA$2UNIMARC 901 $aBK 912 $a990004079680403321 952 $a869.09 PEN 1(1)$bDip.f.m.2719$fFLFBC 952 $a869.09 PEN 1(2)$bDip.f.m.2720$fFLFBC 959 $aFLFBC 996 $aLiteratura galega medieval$9479968 997 $aUNINA LEADER 03039oam 2200661I 450 001 9910464888703321 005 20200520144314.0 010 $a1-315-72884-2 010 $a1-317-54414-5 010 $a1-84465-890-2 024 7 $a10.4324/9781315728841 035 $a(CKB)3710000000087071 035 $a(EBL)1782461 035 $a(SSID)ssj0001115504 035 $a(PQKBManifestationID)11607049 035 $a(PQKBTitleCode)TC0001115504 035 $a(PQKBWorkID)11084055 035 $a(PQKB)10207686 035 $a(MiAaPQ)EBC1782461 035 $a(Au-PeEL)EBL1782461 035 $a(CaPaEBR)ebr10834930 035 $a(CaONFJC)MIL644344 035 $a(OCoLC)890531512 035 $a(OCoLC)891659511 035 $a(EXLCZ)993710000000087071 100 $a20180706e20142011 uy 0 101 0 $aeng 135 $aur|n|---||||| 181 $ctxt 182 $cc 183 $acr 200 00$a2012 $edecoding the countercultural apocalypse /$fedited by Joseph Gelfer 210 1$aLondon :$cRoutledge,$d2014. 215 $a1 online resource (216 p.) 300 $aFirst published 2011 by Equinox, an imprint of Acumen. 311 $a1-322-13090-6 311 $a1-84553-639-8 320 $aIncludes bibliographical references and index. 327 $aCover; Half Title; Title Page; Copyright Page; Table of Contents; Contributors; Preface; 1 Introduction; 2 The 2012 Phenomenon: New Uses for an Ancient Maya Calendar; 3 Maya Prophecies, 2012 and the Problematic Nature of Truth; 4 Mayanism Comes of (New) Age; 5 The 2012 Milieu? Hybridity, Diversity and Stigmatised Knowledge; 6 Chiche?n Itza? and Chicken Little: How Pseudosciences Embraced 2012; 7 Roland Emmerich's 2012: A Simple Truth; 8 The 2012 Movement, Visionary Arts and Psytrance Culture; 9 In a Prophetic Voice: Australasia 2012 327 $a10 Approaching 2012: Modern Misconceptions versus Reconstructing Ancient Maya PerspectivesNotes; Index 330 $a21 December 2012 was believed to mark the end of the thirteenth B''ak''tun cycle in the Long Count of the Mayan calendar. Many people believed this date to mark the end of the world or, at the very least, a shift to a new form of global consciousness. Examining how much of the phenomenon is based on the historical record and how much is contemporary fiction, the book explores the landscape of the modern apocalyptic imagination, the economics of the spiritual marketplace, the commodification of countercultural values, and the cult of celebrity. 606 $aTwo thousand twelve, A.D 606 $aTwenty-first century$vForecasts 606 $aProphecies 606 $aEnd of the world 608 $aElectronic books. 615 0$aTwo thousand twelve, A.D. 615 0$aTwenty-first century 615 0$aProphecies. 615 0$aEnd of the world. 676 $a001.9 701 $aGelfer$b Joseph$0947899 801 0$bFlBoTFG 801 1$bFlBoTFG 906 $aBOOK 912 $a9910464888703321 996 $a2012$92142618 997 $aUNINA LEADER 01746oam 2200493M 450 001 9910716355103321 005 20200213070607.1 035 $a(CKB)5470000002520584 035 $a(OCoLC)1065945480 035 $a(OCoLC)995470000002520584 035 $a(EXLCZ)995470000002520584 100 $a20071213d1926 ua 0 101 0 $aeng 135 $aurcn||||||||| 181 $ctxt$2rdacontent 182 $cc$2rdamedia 183 $acr$2rdacarrier 200 10$aLands to be acquired by Rock Creek and Potomac Parkway Commission. April 23, 1926. -- Ordered to be printed 210 1$a[Washington, D.C.] :$c[U.S. Government Printing Office],$d1926. 215 $a1 online resource (1 page) 225 1 $aHouse report / 69th Congress, 1st session. House ;$vno. 963 225 1 $a[United States congressional serial set ] ;$v[serial no. 8533] 300 $aBatch processed record: Metadata reviewed, not verified. Some fields updated by batch processes. 300 $aFDLP item number not assigned. 606 $aGovernment purchasing of real property 606 $aLegislative amendments 606 $aParkways 606 $aRoads 606 $aZoos 608 $aLegislative materials.$2lcgft 615 0$aGovernment purchasing of real property. 615 0$aLegislative amendments. 615 0$aParkways. 615 0$aRoads. 615 0$aZoos. 701 $aZihlman$b Frederick Nicholas$f1879-1935.$pRepublican (MD)$01386186 801 0$bWYU 801 1$bWYU 801 2$bOCLCO 801 2$bOCLCQ 906 $aBOOK 912 $a9910716355103321 996 $aLands to be acquired by Rock Creek and Potomac Parkway Commission. April 23, 1926. -- Ordered to be printed$93550161 997 $aUNINA